Medieval Rulers - Statistics

General Stats
  • This quiz has been taken 91 times
  • The average score is 4 of 16
Answer Stats
Picture Answer % Correct
Vlad the Impaler
90%
Justinian I
71%
Mansa Musa
55%
Saladin
51%
Alfred the Great
48%
Moctezuma I
26%
Wu Zetian
22%
Cnut the Great
15%
Pachacuti
13%
Jadwiga
11%
Oleg of Novgorod
9%
Minamoto no Yoritomo
4%
Abd al-Rahman I
1%
Jayavarman VII
1%
Oba Ewuare
1%
Ibrahim Lodi
0%
No matching quizzes found
Score Distribution
Percent of People with Each Score
Percentile by Number Answered
Your Score History
You have not taken this quiz